Santa Cruz de el Seibo : (Registro nro. 13394)

Detalles MARC
000 -LIDER
fixed length control field 01856nam a22003017a 4500
003 - IDENTIFICACDOR DE NÚMERO DE CONTROL
control field DO-SdBNP
005 - DATE AND TIME OF LATEST TRANSACTION
control field 20210419115027.0
008 - ELEMENTOS DE LONGITUD FIJA
fixed length control field 210312b 2007 dr 00| 0 spa d
020 ## - ISBN
International Standard Book Number 9789993439479
040 ## - FUENTE DE CATALOGACIÓN
Agencia que crea de manera original el registro BPMSU
Idioma de catalogación spa
Agencia que realiza la transcripción BPMSU
082 ## - NÚMERO DE CLASIFICACIÓN DECIMAL DE DEWEY
Classification number 972.9384
Item number C355S
Edition number 22
100 1# - ASIENTO PRINCIPAL -- NOMBRE PERSONAL
Nombre personal Castro, Norman de
Numeración 1933 -
210 ## - TITULO ABREVIADO
Fuente
245 ## - MENCIÓN DE TITULO
Título Santa Cruz de el Seibo :
Subtítulo apuntes para su historia /
Mención de responsabilidad Norman Agusto de Castro Cortes.
260 ## - PUBLICACIÓN, DISTRIBUCIÓN, ETC. (PIE DE IMPRENTA)
Lugar de publicación, distribución, etc Santo Domingo :
Nombre del editor, distribuidor, etc. Libreria la Trinitaria
Fecha de publicación, distribución, etc 2007.
300 ## - DESCRIPCIÓN FÍSICA
Extensión 204, [1 h ] p. :
Otros detalles físicos ils.;
Dimensiones 23 cm.
500 ## - NOTA GENERAL
Nota general Incluye datos biográficos del autor en las solas
Campo enlazado y núm. de secuencia
500 ## - NOTA GENERAL
Nota general Incluye referencias bibliográficas y notas al pie de las págianas
500 ## - NOTA GENERAL
Nota general Contiene mapas y escudo en una hoja plegables
Materiales especificados
504 ## - NOTA DE BIBLIOGRAFÍA, ETC.
Bibliography, etc Bibliografía : p. 199 - 201.
505 0# - NOTA DE CONTENIDO
Texto normalizado de contenido Agradecimientos -- Advertencias -- Abreviaturas -- A manera de prólogo -- Sobre el nombre de la Villa -- Sobre la fecha de su fundación -- De los Caciques de Higüey -- Guerras del Cacicazgo de Higüey -- Concesión de armas y blasones -- Datos del arzobispo Domingo Fernández de Navarrete -- Fundación del el Seibo y algunas noticias sobre su iglesia (conferencia) -- Despoblación y segundo asentamiento -- Destrucción por terremoto y tercer asentamiento -- El Seibo y los seibanos en la historia -- Hitos y tradiciones seibanas -- Tres sonetos de Emilio A. Morel -- Historia de la división territorial de la provincia de El Seibo y demás provincias y poblaciones de la Región Oriental -- Epílogo -- Bibliografía consultada.
590 ## - NOTA LOCAL
Texto de la nota local Inventariado ,2021/ MC.
650 #4 - ENCABEZAMIENTO DE MATERIA--TEMÁTICO
Término temático o nombre geográfico como elemento de entrada Ciudades y pueblos
Subdivisión geográfica República Dominicana
651 #4 - ENCABEZAMIENTO DE MATERIA--NOMBRE GEOGRÁFICO
Nombre geográfico El Seibo (República Dominicana)
Subdivisión temática general Historia.
Subdivisión cronológica 1844-1861
651 #4 - ENCABEZAMIENTO DE MATERIA--NOMBRE GEOGRÁFICO
Nombre geográfico El Seibo (República Dominicana)
Subdivisión temática general Vida social y costumbres.
910 ## - VALIDACIÓN
Validación Inventariado, 2021/ MC.
942 ## - ADDED ENTRY ELEMENTS (KOHA)
Source of classification or shelving scheme Dewey Decimal Classification
Koha item type Libros
Existencias
Withdrawn status Lost status Source of classification or shelving scheme Damaged status Not for loan Collection code Home library Current library Date acquired Source of acquisition Full call number Barcode Date last seen Price effective from Koha item type Copy number
    Dewey Decimal Classification     Colección Dominicana Biblioteca Pública Metropolitana Salomé Ureña Biblioteca Pública Metropolitana Salomé Ureña 03/12/2021 Compra BPMSU CD 972.9384 C355s 2007 BPMSU21030023 03/12/2021 03/12/2021 Libros  
    Dewey Decimal Classification     Colección Dominicana Biblioteca Pública Metropolitana Salomé Ureña Biblioteca Pública Metropolitana Salomé Ureña 03/12/2021 Compra BPMSU CD 972.9384 C355s 2007 BPMSU21030024 03/12/2021 03/12/2021 Libros e.2
    Dewey Decimal Classification     Colección Dominicana Biblioteca Pública Metropolitana Salomé Ureña Biblioteca Pública Metropolitana Salomé Ureña 03/12/2021 Compra BPMSU CD 972.9384 C355s 2007 BPMSU21030025 03/12/2021 03/12/2021 Libros e.3